| 000 | 00872cam a22002531 4500 | ||
|---|---|---|---|
| 001 | gs 67000186 | ||
| 003 | DLC | ||
| 005 | 20260227111420.0 | ||
| 008 | 770824s1966 nvu 000 0 eng c | ||
| 010 | _ags 67000186 | ||
| 035 | _a(OCoLC)3215065 | ||
| 040 |
_aU.S. Geol. Survey. Library _cTxEU _dDLC |
||
| 042 | _apremarc | ||
| 050 | 0 | 0 |
_aTN24.N3 _bA26 no. 12 |
| 082 | _a016.553 | ||
| 100 | 1 |
_aVoskuil, Walter Henry, _d1892- . |
|
| 245 | 1 | 0 |
_aSelected readings in mineral economics, _cby Walter H. Voskuil. |
| 260 |
_aReno, _bMackay School of Mines, University of Nevada [for sale by Nevada Bureau of Mines, University of Nevada] _c1966. |
||
| 300 |
_av, 18 p. _c28 cm. |
||
| 410 | 2 | 0 |
_aNevada Bureau of Mines. _tReport _v12 |
| 504 | _aBibliography: p. 5-18. | ||
| 650 | 0 |
_aGeology, Economic _vBibliography. |
|
| 650 | 0 |
_aMines and mineral resources _vBibliography. |
|
| 999 |
_c30324 _d30324 |
||